Les chiffres du nombre d'or_20 secondes - Statistiques

Statistiques générales
  • Ce quiz a été pris 90 fois
  • Le résultat moyen est 5 sur 15
Statistiques - réponses
. Chiffre % Correct
1 1,
100%
2 6
74%
3 1
61%
4 8
54%
5 0
44%
6 3
38%
7 3
31%
8 9
25%
9 8
18%
10 8
17%
11 7
13%
12 4
8%
14 8
7%
13 9
7%
15 9
7%
Aucun quiz correspondant
Distribution des résultats
% des personnes avec chaque résultat
Percentile par nombre de réponses
Votre historique - résultats
Vous n’avez pas pris ce quiz